000 00747nam a2200253Ia 4500
003 OSt
005 20220925215253.0
006 a|||||r|||| 00| 0
007 ta
008 220923b |||||||| |||| 00| 0 eng d
020 _a0435842609
037 _cGeneral Book
040 _aRTL
_cRTL
_beng
041 _2eng
_aeng
082 _aX.3.N7<----N45, M2
100 _aCater Charles
_9282444
245 0 _aPolicies for a constrained economy
260 _aLondon
_bHeinemann Educational Books
_c1982
300 _ax,196p.
_ccm.
490 _aPolicy Studies Institute, Series
650 _aEconomic Conditions Great Britain
_9232317
942 _hX.3.N7<----N45, M2
_cGB
_2CC
999 _c568304
_d568304